[Event "Juniorklub 2017"]
[Site "?"]
[Date "2017.11.18"]
[Round "4.8"]
[White "Valko, Michal"]
[Black "Majzlan, Blazej"]
[Result "0-1"]
[BlackElo "1757"]
[WhiteElo "1503"]
[LiveChessVersion "1.4.8"]

1. e4 {[%clk 1:00:56]} c5 {[%clk 1:00:55]} 2. Nf3 {[%clk 1:01:15]} e6
{[%clk 1:01:23]} 3. d4 {[%clk 1:01:01]} cxd4 {[%clk 1:01:52]} 4. Nxd4
{[%clk 1:01:19]} a6 {[%clk 1:02:01]} 5. c4 {[%clk 0:55:39]} Nf6 {[%clk 1:01:52]}
6. Nc3 {[%clk 0:53:58]} Qc7 {[%clk 1:02:08]} 7. Bd3 {[%clk 0:52:03]} Be7
{[%clk 0:54:02]} 8. O-O {[%clk 0:49:28]} O-O {[%clk 0:53:27]} 9. Be3
{[%clk 0:45:44]} d6 {[%clk 0:47:40]} 10. Qc2 {[%clk 0:43:04]} Ng4
{[%clk 0:43:00]} 11. Bf4 {[%clk 0:41:39]} e5 {[%clk 0:36:54]} 12. Nd5
{[%clk 0:41:29]} Qd8 {[%clk 0:37:23]} 13. h3 {[%clk 0:35:59]} Nf6
{[%clk 0:35:25]} 14. Nxe7+ {[%clk 0:34:44]} Qxe7 {[%clk 0:35:47]} 15. Bg5
{[%clk 0:34:40]} exd4 {[%clk 0:35:36]} 16. f4 {[%clk 0:34:16]} h6
{[%clk 0:29:39]} 17. Bh4 {[%clk 0:34:39]} Nbd7 {[%clk 0:26:34]} 18. e5
{[%clk 0:32:56]} dxe5 {[%clk 0:26:54]} 19. fxe5 {[%clk 0:33:22]} Qxe5
{[%clk 0:25:56]} 20. Rae1 {[%clk 0:33:19]} Qh5 {[%clk 0:24:31]} 21. Bg3
{[%clk 0:31:24]} Qg5 {[%clk 0:20:28]} 22. Bf4 {[%clk 0:30:20]} Qh4
{[%clk 0:17:59]} 23. g3 {[%clk 0:30:23]} Qxh3 {[%clk 0:16:47]} 24. Bf5
{[%clk 0:30:36]} Qh5 {[%clk 0:15:18]} 25. Kg2 {[%clk 0:30:58]} b6
{[%clk 0:11:29]} 26. Bd6 {[%clk 0:28:23]} Bb7+ {[%clk 0:10:53]} 27. Be4
{[%clk 0:25:52]} Nxe4 {[%clk 0:07:33]} 28. Bxf8 {[%clk 0:26:05]} Nd2+
{[%clk 0:07:05]} 29. Kf2 {[%clk 0:25:47]} Qf3+ {[%clk 0:07:16]} 30. Kg1
{[%clk 0:25:47]} Qxg3# {[%clk 0:07:42]} 0-1

[Event "Juniorklub 2017"]
[Site "?"]
[Date "2017.11.18"]
[Round "4.9"]
[White "Galbavy, Dusan"]
[Black "Simonova, Stela"]
[Result "0-1"]
[BlackElo "1643"]
[WhiteElo "1756"]
[LiveChessVersion "1.4.8"]

1. e4 {[%clk 1:00:56]} d5 {[%clk 1:00:33]} 2. e5 {[%clk 1:00:56]} Bf5
{[%clk 1:00:25]} 3. g4 {[%clk 1:01:15]} Bg6 {[%clk 0:55:47]} 4. h4
{[%clk 1:00:13]} h6 {[%clk 0:55:05]} 5. d4 {[%clk 0:59:58]} e6 {[%clk 0:54:31]}
6. Bd3 {[%clk 0:58:38]} Bxd3 {[%clk 0:52:48]} 7. Qxd3 {[%clk 0:58:55]} Nc6
{[%clk 0:48:26]} 8. c3 {[%clk 0:57:21]} Be7 {[%clk 0:46:54]} 9. Nf3
{[%clk 0:56:21]} Qd7 {[%clk 0:44:27]} 10. Bf4 {[%clk 0:54:34]} O-O-O
{[%clk 0:42:12]} 11. Nbd2 {[%clk 0:48:23]} Kb8 {[%clk 0:38:28]} 12. a4
{[%clk 0:47:33]} f6 {[%clk 0:34:56]} 13. b4 {[%clk 0:44:01]} fxe5
{[%clk 0:31:33]} 14. Bxe5 {[%clk 0:40:27]} Bf6 {[%clk 0:28:26]} 15. b5
{[%clk 0:38:18]} Nxe5 {[%clk 0:27:26]} 16. dxe5 {[%clk 0:38:17]} Be7
{[%clk 0:27:34]} 17. a5 {[%clk 0:38:04]} Rf8 {[%clk 0:21:27]} 18. Rb1
{[%clk 0:35:01]} Rf4 {[%clk 0:18:06]} 19. Qg6 {[%clk 0:31:13]} Bf8
{[%clk 0:16:46]} 20. Rg1 {[%clk 0:27:42]} Ne7 {[%clk 0:15:27]} 21. Qd3
{[%clk 0:27:57]} Nc8 {[%clk 0:14:12]} 22. b6 {[%clk 0:26:57]} cxb6
{[%clk 0:12:59]} 23. axb6 {[%clk 0:27:15]} Nxb6 {[%clk 0:12:56]} 24. g5
{[%clk 0:25:22]} h5 {[%clk 0:09:28]} 25. Ke2 {[%clk 0:22:19]} Be7
{[%clk 0:08:52]} 26. Qg6 {[%clk 0:20:44]} Bf8 {[%clk 0:08:33]} 27. Nd4
{[%clk 0:19:38]} Rxh4 {[%clk 0:05:00]} 28. Nxe6 {[%clk 0:15:03]} Rh3
{[%clk 0:03:14]} 29. Rgc1 {[%clk 0:13:07]} Rh4 {[%clk 0:02:12]} 30. Nd4
{[%clk 0:07:07]} Bc5 {[%clk 0:01:02]} 31. e6 {[%clk 0:05:01]} Qc7
{[%clk 0:01:15]} 32. N4f3 {[%clk 0:04:16]} Rf4 {[%clk 0:01:15]} 33. Rb5
{[%clk 0:02:50]} Bd6 {[%clk 0:01:13]} 34. Qd3 {[%clk 0:02:32]} Qe7
{[%clk 0:01:11]} 35. Nd4 {[%clk 0:02:10]} Qxg5 {[%clk 0:01:05]} 36. N4f3
{[%clk 0:02:02]} Qe7 {[%clk 0:01:20]} 37. Qe3 {[%clk 0:01:59]} Rhf8
{[%clk 0:00:53]} 38. Nd4 {[%clk 0:01:36]} Rxf2+ {[%clk 0:00:38]} 39. Qxf2
{[%clk 0:02:03]} Rxf2+ {[%clk 0:00:59]} 40. Kxf2 {[%clk 0:02:23]} Qf6+
{[%clk 0:01:22]} 41. N2f3 {[%clk 0:02:28]} g5 {[%clk 0:01:27]} 42. Ke2
{[%clk 0:02:27]} g4 43. Nd2 Qe5+ {[%clk 0:01:40]} 44. Kd1 {[%clk 0:02:31]} Qf6
{[%clk 0:02:15]} 45. Kc2 {[%clk 0:02:54]} g3 {[%clk 0:02:30]} 46. Rf1
{[%clk 0:03:14]} Qg6+ {[%clk 0:02:41]} 47. Kb2 {[%clk 0:03:40]} g2
{[%clk 0:02:59]} 48. Rg1 {[%clk 0:03:59]} Bh2 {[%clk 0:03:14]} 49. N2f3
{[%clk 0:04:04]} Bxg1 {[%clk 0:03:37]} 50. Nxg1 {[%clk 0:04:26]} Qe4
{[%clk 0:03:40]} 51. Ka3 {[%clk 0:04:41]} h4 {[%clk 0:03:40]} 52. Ngf3
{[%clk 0:04:27]} Qe3 {[%clk 0:03:10]} 53. Rb1 {[%clk 0:04:38]} Qxc3+
{[%clk 0:03:28]} 54. Ka2 {[%clk 0:04:59]} Qc4+ {[%clk 0:03:01]} 55. Ka1
{[%clk 0:05:16]} Qa4+ {[%clk 0:01:42]} 56. Kb2 {[%clk 0:05:44]} h3
{[%clk 0:01:49]} 57. e7 {[%clk 0:06:00]} Qb4+ {[%clk 0:02:04]} 58. Kc2
{[%clk 0:06:27]} Qxe7 {[%clk 0:02:13]} 59. Kd2 {[%clk 0:06:33]} Qc7
{[%clk 0:01:53]} 60. Re1 {[%clk 0:06:55]} h2 {[%clk 0:01:35]} 61. Re8+
{[%clk 0:07:15]} Nc8 {[%clk 0:01:58]} 62. Ne6 {[%clk 0:07:19]} Qa5+
{[%clk 0:02:06]} 63. Ke2 {[%clk 0:07:39]} h1=Q {[%clk 0:02:08]} 64. Nf8
{[%clk 0:07:51]} Qf1+ {[%clk 0:02:08]} 65. Ke3 {[%clk 0:08:09]} Qae1+
{[%clk 0:02:07]} 0-1

[Event "Juniorklub 2017"]
[Site "?"]
[Date "2017.11.18"]
[Round "4.10"]
[White "Vinarcik, Milan"]
[Black "Nosak, Alexander"]
[Result "0-1"]
[BlackElo "1556"]
[WhiteElo "1667"]
[LiveChessVersion "1.4.8"]

1. e4 {[%clk 1:00:57]} e6 {[%clk 1:00:54]} 2. d4 {[%clk 1:01:13]} d5
{[%clk 1:01:16]} 3. e5 {[%clk 1:00:43]} c5 {[%clk 1:00:59]} 4. c3
{[%clk 0:59:38]} Nc6 {[%clk 0:59:47]} 5. Bb5 {[%clk 0:59:17]} Bd7
{[%clk 0:59:03]} 6. Bxc6 {[%clk 0:57:40]} Bxc6 {[%clk 0:57:58]} 7. Ne2
{[%clk 0:57:39]} cxd4 {[%clk 0:56:52]} 8. Nxd4 {[%clk 0:56:34]} Qc7
{[%clk 0:56:31]} 9. Qe2 {[%clk 0:50:45]} Bc5 {[%clk 0:55:34]} 10. O-O
{[%clk 0:47:14]} a6 {[%clk 0:55:08]} 11. Re1 {[%clk 0:44:58]} Ne7
{[%clk 0:52:58]} 12. Nd2 {[%clk 0:38:12]} Ng6 {[%clk 0:52:44]} 13. N2f3
{[%clk 0:37:19]} b5 {[%clk 0:43:23]} 14. a3 {[%clk 0:34:12]} Rc8 {[%clk 0:39:32]}
15. Bd2 {[%clk 0:32:49]} Bb7 {[%clk 0:34:27]} 16. Rac1 {[%clk 0:31:13]} Be7
{[%clk 0:31:57]} 17. g3 {[%clk 0:29:03]} Qc4 {[%clk 0:31:23]} 18. Qd1
{[%clk 0:23:56]} Nf8 {[%clk 0:29:45]} 19. Kg2 {[%clk 0:19:37]} Nd7
{[%clk 0:29:05]} 20. Bf4 {[%clk 0:17:24]} Nc5 {[%clk 0:28:02]} 21. Re3
{[%clk 0:09:53]} Ne4 {[%clk 0:25:36]} 22. Nd2 {[%clk 0:09:45]} Nxd2
{[%clk 0:25:33]} 23. Qxd2 {[%clk 0:09:59]} g5 {[%clk 0:25:35]} 24. Rf3
{[%clk 0:08:34]} h6 {[%clk 0:14:50]} 25. g4 {[%clk 0:06:59]} gxf4
{[%clk 0:12:40]} 26. Qxf4 {[%clk 0:06:13]} Rh7 {[%clk 0:13:01]} 27. Qg3
{[%clk 0:05:00]} Bg5 {[%clk 0:12:41]} 28. Rc2 {[%clk 0:04:24]} Qc5
{[%clk 0:11:18]} 29. Qh3 {[%clk 0:03:36]} Qf8 {[%clk 0:11:02]} 30. Qh5
{[%clk 0:03:29]} Qg7 {[%clk 0:10:09]} 31. Nxe6 {[%clk 0:03:20]} Qxe5
{[%clk 0:08:54]} 32. Nxg5 {[%clk 0:03:07]} Qxg5 {[%clk 0:09:10]} 33. Re2+
{[%clk 0:02:38]} Kf8 {[%clk 0:08:46]} 34. Qxg5 {[%clk 0:02:54]} hxg5
{[%clk 0:09:11]} 35. Rd3 {[%clk 0:03:13]} d4+ {[%clk 0:09:13]} 36. Kg3
{[%clk 0:03:17]} dxc3 {[%clk 0:09:29]} 37. bxc3 {[%clk 0:02:29]} Rc7
{[%clk 0:08:16]} 38. Re5 {[%clk 0:02:46]} f6 {[%clk 0:08:03]} 39. Re6
{[%clk 0:03:14]} Rhf7 {[%clk 0:08:15]} 40. h3 {[%clk 0:03:36]} Rce7
{[%clk 0:08:29]} 41. Red6 {[%clk 0:04:01]} Kg7 {[%clk 0:08:29]} 42. Rd8
{[%clk 0:04:18]} Bc6 {[%clk 0:07:56]} 43. Rc8 {[%clk 0:04:32]} Rc7
{[%clk 0:07:48]} 44. Rcd8 {[%clk 0:04:26]} Rfd7 {[%clk 0:08:07]} 45. R3xd7+
{[%clk 0:04:44]} Rxd7 {[%clk 0:08:28]} 46. Rxd7+ {[%clk 0:05:13]} Bxd7
{[%clk 0:08:51]} 47. f4 {[%clk 0:05:38]} Kg6 {[%clk 0:09:00]} 48. f5+
{[%clk 0:06:07]} Bxf5 {[%clk 0:08:45]} 49. gxf5+ {[%clk 0:06:32]} Kxf5
{[%clk 0:09:11]} 50. Kf3 {[%clk 0:07:02]} Kg6 {[%clk 0:09:23]} 51. Ke4
{[%clk 0:07:22]} f5+ {[%clk 0:09:46]} 52. Kf3 {[%clk 0:07:50]} Kh5
{[%clk 0:10:01]} 53. Kg3 {[%clk 0:08:18]} g4 {[%clk 0:10:14]} 54. h4
{[%clk 0:08:40]} f4+ 0-1

[Event "Juniorklub 2017"]
[Site "?"]
[Date "2017.11.18"]
[Round "5.1"]
[White "Sevcikova, Lucia"]
[Black "Trangos, Miroslav"]
[Result "0-1"]
[BlackElo "2019"]
[WhiteElo "1748"]
[LiveChessVersion "1.4.8"]

1. d4 {[%clk 1:00:55]} d5 {[%clk 1:00:58]} 2. c4 {[%clk 1:01:18]} e6
{[%clk 1:00:50]} 3. Nc3 {[%clk 1:01:39]} Nf6 {[%clk 1:01:08]} 4. Bg5
{[%clk 1:01:54]} Be7 {[%clk 1:01:11]} 5. e3 {[%clk 1:01:48]} O-O {[%clk 1:01:10]}
6. Nf3 {[%clk 1:01:47]} c6 {[%clk 0:58:51]} 7. Bd3 {[%clk 1:01:34]} dxc4
{[%clk 0:59:17]} 8. Bxc4 {[%clk 1:01:52]} b5 {[%clk 0:59:41]} 9. Bd3
{[%clk 1:01:45]} a6 {[%clk 0:59:33]} 10. Qc2 {[%clk 1:00:55]} h6 {[%clk 0:59:41]}
11. Bf4 {[%clk 1:00:07]} c5 {[%clk 0:55:34]} 12. dxc5 {[%clk 0:59:09]} Bxc5
{[%clk 0:53:07]} 13. O-O {[%clk 0:57:22]} Qb6 {[%clk 0:52:48]} 14. Ne4
{[%clk 0:55:12]} Nbd7 {[%clk 0:51:33]} 15. Rac1 {[%clk 0:51:47]} Nxe4
{[%clk 0:49:07]} 16. Bxe4 {[%clk 0:52:09]} Bb7 {[%clk 0:49:07]} 17. Rfd1
{[%clk 0:44:46]} Bxe4 {[%clk 0:43:38]} 18. Qxe4 {[%clk 0:45:11]} Nf6
{[%clk 0:43:38]} 19. Qe5 {[%clk 0:40:59]} Nd5 20. Bg3 {[%clk 0:37:24]} Rac8
{[%clk 0:32:36]} 21. Kh1 {[%clk 0:31:25]} a5 {[%clk 0:28:22]} 22. h3
{[%clk 0:28:20]} a4 {[%clk 0:28:31]} 23. Nd4 {[%clk 0:24:51]} Bxd4 24. Qxd4
{[%clk 0:24:14]} Qxd4 {[%clk 0:27:31]} 25. exd4 {[%clk 0:24:32]} Rfd8
{[%clk 0:23:22]} 26. Rc5 {[%clk 0:20:57]} Rxc5 {[%clk 0:22:04]} 27. dxc5
{[%clk 0:21:19]} Rc8 {[%clk 0:22:18]} 28. Bd6 {[%clk 0:21:01]} Nb4
{[%clk 0:20:11]} 29. a3 {[%clk 0:20:40]} Nc6 {[%clk 0:18:57]} 30. Rc1
{[%clk 0:17:52]} Na5 {[%clk 0:17:28]} 31. Be5 {[%clk 0:13:39]} Nb3
{[%clk 0:17:30]} 32. Rc3 {[%clk 0:13:05]} Rxc5 {[%clk 0:16:56]} 33. Rxc5
{[%clk 0:12:57]} Nxc5 {[%clk 0:17:23]} 34. Kg1 {[%clk 0:13:03]} f6
{[%clk 0:16:14]} 35. Bc3 {[%clk 0:12:46]} e5 {[%clk 0:15:33]} 36. Kf1
{[%clk 0:12:48]} Kf7 {[%clk 0:14:38]} 37. Ke2 {[%clk 0:12:49]} Ke6
{[%clk 0:14:59]} 38. Bb4 {[%clk 0:12:27]} Nd7 {[%clk 0:15:27]} 39. Kd3
{[%clk 0:11:48]} Kd5 {[%clk 0:15:50]} 40. f3 {[%clk 0:11:47]} f5 {[%clk 0:14:48]}
41. Be7 {[%clk 0:07:05]} g6 {[%clk 0:13:16]} 42. Bb4 {[%clk 0:07:12]} e4+
{[%clk 0:11:12]} 43. fxe4+ {[%clk 0:06:42]} fxe4+ {[%clk 0:11:40]} 44. Ke2
{[%clk 0:06:22]} Ne5 {[%clk 0:09:04]} 45. Bc3 {[%clk 0:06:22]} Nc4
{[%clk 0:09:23]} 46. g3 {[%clk 0:06:23]} Ke6 {[%clk 0:08:02]} 47. Bd4
{[%clk 0:05:13]} Kf5 {[%clk 0:08:11]} 48. Kf2 {[%clk 0:03:43]} h5
{[%clk 0:08:27]} 49. Bg7 {[%clk 0:03:31]} g5 {[%clk 0:07:12]} 50. h4
{[%clk 0:02:14]} e3+ {[%clk 0:06:53]} 51. Kf3 {[%clk 0:02:09]} g4+
{[%clk 0:06:25]} 52. Ke2 {[%clk 0:02:15]} Ke4 {[%clk 0:06:53]} 53. Bc3
{[%clk 0:02:12]} Nd6 {[%clk 0:07:00]} 54. Ba5 {[%clk 0:01:55]} Nf5
{[%clk 0:07:27]} 55. Bc7 {[%clk 0:01:51]} Nd4+ {[%clk 0:07:55]} 56. Ke1
{[%clk 0:01:50]} Kf3 {[%clk 0:08:14]} 0-1

[Event "Juniorklub 2017"]
[Site "?"]
[Date "2017.11.18"]
[Round "5.2"]
[White "Simo, Marian"]
[Black "Turanec, Daniel"]
[Result "1-0"]
[BlackElo "1652"]
[WhiteElo "1974"]
[LiveChessVersion "1.4.8"]

1. e4 {[%clk 1:00:58]} e6 {[%clk 1:00:45]} 2. d4 {[%clk 1:01:23]} d5
{[%clk 1:01:12]} 3. Nc3 {[%clk 1:01:50]} Nf6 {[%clk 1:01:18]} 4. Bg5
{[%clk 1:02:07]} Be7 {[%clk 1:01:35]} 5. e5 {[%clk 1:02:20]} Nfd7
{[%clk 1:01:58]} 6. Bxe7 {[%clk 1:02:44]} Qxe7 {[%clk 1:02:21]} 7. f4
{[%clk 1:02:49]} a6 {[%clk 1:02:46]} 8. Nf3 {[%clk 1:02:49]} c5 {[%clk 1:03:08]}
9. a3 {[%clk 1:01:06]} Nc6 {[%clk 1:03:19]} 10. Be2 {[%clk 0:57:46]} b5
{[%clk 1:02:02]} 11. O-O {[%clk 0:56:30]} Nb6 {[%clk 1:01:34]} 12. dxc5
{[%clk 0:45:29]} Qxc5+ {[%clk 1:00:59]} 13. Kh1 {[%clk 0:45:47]} Bb7
{[%clk 1:01:21]} 14. Re1 {[%clk 0:32:32]} Rd8 {[%clk 1:00:29]} 15. Bd3
{[%clk 0:32:12]} Nc4 {[%clk 0:59:57]} 16. Qc1 {[%clk 0:32:29]} a5
{[%clk 0:58:18]} 17. b3 {[%clk 0:22:04]} Nd6 18. exd6 {[%clk 0:17:55]} Qxc3
{[%clk 0:57:58]} 19. f5 {[%clk 0:18:10]} Rxd6 {[%clk 0:55:38]} 20. Bxb5
{[%clk 0:17:31]} O-O {[%clk 0:55:42]} 21. Nh4 {[%clk 0:13:13]} Qf6
{[%clk 0:54:46]} 22. Qf4 {[%clk 0:13:13]} e5 {[%clk 0:54:11]} 23. Qg3
{[%clk 0:13:35]} e4 {[%clk 0:53:40]} 24. Rad1 {[%clk 0:13:15]} Rfd8
{[%clk 0:53:55]} 25. Qf2 {[%clk 0:11:53]} g5 {[%clk 0:51:43]} 26. g4
{[%clk 0:07:38]} gxh4 {[%clk 0:50:59]} 27. g5 {[%clk 0:08:05]} Qg7
{[%clk 0:50:22]} 28. f6 {[%clk 0:08:20]} Qg6 29. Bxc6 {[%clk 0:04:01]} Bxc6
{[%clk 0:49:37]} 30. Rd4 {[%clk 0:04:23]} Re8 {[%clk 0:48:06]} 31. Qxh4
{[%clk 0:04:26]} Re5 {[%clk 0:47:48]} 32. Qf4 {[%clk 0:00:46]} Rde6
{[%clk 0:43:29]} 33. h4 {[%clk 0:00:34]} Qf5 {[%clk 0:43:29]} 34. Qe3
{[%clk 0:00:52]} Qf3+ {[%clk 0:42:54]} 35. Kh2 {[%clk 0:01:21]} Rf5
{[%clk 0:41:55]} 36. c4 {[%clk 0:01:08]} Qg4 {[%clk 0:41:03]} 37. Qg3
{[%clk 0:00:43]} Qxg3+ {[%clk 0:41:22]} 38. Kxg3 {[%clk 0:01:12]} Rfe5
{[%clk 0:38:04]} 39. Re3 {[%clk 0:00:47]} Re8 {[%clk 0:35:48]} 40. c5
{[%clk 0:00:52]} Rf5 {[%clk 0:35:53]} 41. b4 {[%clk 0:00:36]} axb4
{[%clk 0:35:49]} 42. Rxb4 {[%clk 0:01:03]} Rfe5 {[%clk 0:34:07]} 43. Kf4
{[%clk 0:01:13]} Bd7 {[%clk 0:34:23]} 44. Rb7 {[%clk 0:01:14]} d4
{[%clk 0:34:11]} 45. Re1 {[%clk 0:00:57]} Bc6 {[%clk 0:34:33]} 46. Rc7
{[%clk 0:01:19]} Rxc5 {[%clk 0:34:24]} 47. h5 {[%clk 0:01:40]} e3
{[%clk 0:32:35]} 48. g6 {[%clk 0:01:05]} Re4+ {[%clk 0:31:36]} 49. Kf3
{[%clk 0:01:32]} Re7+ {[%clk 0:31:49]} 50. Rxc6 {[%clk 0:02:00]} Rf5+
{[%clk 0:31:36]} 51. Kg4 {[%clk 0:01:58]} Ree5 {[%clk 0:31:13]} 52. Rc8+
{[%clk 0:02:25]} 1-0

[Event "Juniorklub 2017"]
[Site "?"]
[Date "2017.11.18"]
[Round "5.3"]
[White "Baleja, Marian"]
[Black "Kovarikova, Maria"]
[Result "0-1"]
[BlackElo "1516"]
[WhiteElo "1929"]
[LiveChessVersion "1.4.8"]

1. e4 {[%clk 1:00:35]} e5 {[%clk 1:00:54]} 2. Nf3 {[%clk 1:00:57]} Nc6
{[%clk 1:01:19]} 3. d4 {[%clk 1:00:53]} exd4 {[%clk 1:01:43]} 4. Nxd4
{[%clk 1:01:21]} Bc5 {[%clk 1:02:02]} 5. Be3 {[%clk 1:01:04]} Bxd4
{[%clk 1:00:29]} 6. Bxd4 {[%clk 1:01:26]} Nf6 {[%clk 0:59:57]} 7. Nc3
{[%clk 1:00:39]} Qe7 {[%clk 0:59:43]} 8. Bxf6 {[%clk 0:55:07]} Qxf6
{[%clk 0:57:46]} 9. Nd5 {[%clk 0:55:27]} Qe5 {[%clk 0:57:46]} 10. Bd3
{[%clk 0:54:21]} O-O {[%clk 0:56:54]} 11. f4 {[%clk 0:53:11]} Qxb2
{[%clk 0:56:15]} 12. O-O {[%clk 0:50:58]} d6 {[%clk 0:55:29]} 13. Kh1
{[%clk 0:44:49]} Be6 {[%clk 0:50:39]} 14. Rb1 Qxa2 {[%clk 0:49:33]} 15. Rxb7
{[%clk 0:32:21]} Qa5 {[%clk 0:48:44]} 16. Qh5 {[%clk 0:27:41]} Bxd5 17. exd5
{[%clk 0:26:31]} g6 {[%clk 0:47:56]} 18. Qg5 {[%clk 0:26:15]} Nd4
{[%clk 0:46:04]} 19. f5 {[%clk 0:12:48]} Qxd5 {[%clk 0:45:07]} 20. Rxc7
{[%clk 0:13:09]} Ne6 21. Qh4 {[%clk 0:02:24]} Nxc7 {[%clk 0:42:54]} 22. Bc4
{[%clk 0:01:59]} Qe5 {[%clk 0:40:49]} 23. Rf3 {[%clk 0:00:48]} Rae8
{[%clk 0:40:14]} 24. f6 {[%clk 0:01:13]} Qe1+ 25. Rf1 Qxh4 {[%clk 0:40:44]} 0-1

[Event "Juniorklub 2017"]
[Site "?"]
[Date "2017.11.18"]
[Round "5.4"]
[White "Franko, Ondrej"]
[Black "Onderco, Peter"]
[Result "1/2-1/2"]
[BlackElo "1815"]
[WhiteElo "1809"]
[LiveChessVersion "1.4.8"]

1. e4 {[%clk 1:00:55]} e6 {[%clk 1:00:58]} 2. Nf3 {[%clk 1:01:19]} d5
{[%clk 1:01:16]} 3. Nc3 {[%clk 1:01:46]} dxe4 {[%clk 1:00:21]} 4. Nxe4
{[%clk 1:02:11]} Nf6 {[%clk 1:00:32]} 5. Nxf6+ {[%clk 1:01:55]} Qxf6
{[%clk 1:00:59]} 6. d4 {[%clk 1:02:16]} Nc6 {[%clk 0:55:33]} 7. Bg5
{[%clk 1:02:18]} Qf5 {[%clk 0:54:45]} 8. c3 {[%clk 0:57:43]} Bd7 {[%clk 0:53:38]}
9. Bd3 {[%clk 0:57:42]} Qd5 {[%clk 0:53:44]} 10. Qc2 {[%clk 0:52:39]} h6
{[%clk 0:51:47]} 11. Bf4 {[%clk 0:52:46]} O-O-O {[%clk 0:51:23]} 12. Be4
{[%clk 0:44:35]} Qa5 {[%clk 0:47:05]} 13. b4 {[%clk 0:40:16]} Qh5
{[%clk 0:47:06]} 14. a4 {[%clk 0:34:27]} f5 {[%clk 0:46:37]} 15. Bd3
{[%clk 0:34:04]} g5 {[%clk 0:45:21]} 16. Be5 Nxe5 {[%clk 0:40:51]} 17. Nxe5
{[%clk 0:33:48]} Bd6 {[%clk 0:40:25]} 18. Nxd7 {[%clk 0:33:18]} Rxd7
{[%clk 0:40:44]} 19. Qe2 {[%clk 0:27:55]} Qxe2+ {[%clk 0:38:36]} 1/2-1/2

[Event "Juniorklub 2017"]
[Site "?"]
[Date "2017.11.18"]
[Round "5.5"]
[White "Remen, Igor"]
[Black "Murin, Pavol"]
[Result "0-1"]
[BlackElo "2045"]
[WhiteElo "1763"]
[LiveChessVersion "1.4.8"]

1. d4 {[%clk 1:00:56]} Nf6 {[%clk 1:00:50]} 2. Nf3 {[%clk 1:01:16]} e6
{[%clk 1:01:10]} 3. e3 {[%clk 1:01:19]} b6 {[%clk 1:01:17]} 4. Bd3
{[%clk 1:01:27]} Bb7 {[%clk 1:01:40]} 5. Nbd2 {[%clk 1:01:42]} d5
{[%clk 1:01:15]} 6. Qe2 {[%clk 1:01:36]} Nbd7 {[%clk 1:00:29]} 7. e4
{[%clk 1:01:24]} dxe4 {[%clk 1:00:39]} 8. Nxe4 {[%clk 1:01:48]} Be7
{[%clk 1:00:22]} 9. Bf4 {[%clk 0:59:56]} O-O {[%clk 0:58:54]} 10. h4
{[%clk 0:53:50]} Nxe4 {[%clk 0:56:37]} 11. Bxe4 {[%clk 0:54:10]} Bxe4
{[%clk 0:57:02]} 12. Qxe4 {[%clk 0:54:34]} Nf6 {[%clk 0:57:29]} 13. Qc6
{[%clk 0:52:17]} Nd5 {[%clk 0:54:09]} 14. Be5 {[%clk 0:49:19]} Nb4
{[%clk 0:50:17]} 15. Qe4 {[%clk 0:48:21]} Qd5 {[%clk 0:45:55]} 16. Qxd5
{[%clk 0:43:17]} Nxd5 {[%clk 0:44:14]} 17. c3 {[%clk 0:42:30]} Rac8
{[%clk 0:40:28]} 18. Kd2 {[%clk 0:40:00]} Rfd8 {[%clk 0:40:18]} 19. Rae1
{[%clk 0:39:45]} c5 {[%clk 0:39:56]} 20. Ke2 {[%clk 0:37:00]} cxd4
{[%clk 0:36:11]} 21. Bxd4 {[%clk 0:36:57]} a5 {[%clk 0:31:16]} 22. g3
{[%clk 0:32:36]} b5 {[%clk 0:31:08]} 23. Rc1 {[%clk 0:32:50]} f6 {[%clk 0:29:03]}
24. Rhd1 {[%clk 0:29:09]} Kf7 {[%clk 0:28:44]} 25. Nd2 {[%clk 0:27:43]} e5 26.
Be3 {[%clk 0:27:40]} Ke6 {[%clk 0:24:48]} 27. c4 {[%clk 0:23:06]} Nxe3
{[%clk 0:24:29]} 28. Kxe3 {[%clk 0:20:21]} bxc4 {[%clk 0:24:06]} 29. Ke2
{[%clk 0:16:18]} Rd4 {[%clk 0:19:26]} 30. Nb3 {[%clk 0:13:19]} Rxd1
{[%clk 0:17:41]} 31. Kxd1 {[%clk 0:13:48]} Rd8+ {[%clk 0:16:36]} 32. Nd2
{[%clk 0:14:13]} Bb4 {[%clk 0:16:06]} 33. Rc2 {[%clk 0:14:21]} Rxd2+
{[%clk 0:14:48]} 34. Rxd2 {[%clk 0:14:49]} Bxd2 {[%clk 0:15:13]} 35. Kxd2
{[%clk 0:15:12]} Kd5 {[%clk 0:15:40]} 36. Kc3 {[%clk 0:15:17]} h5
{[%clk 0:14:09]} 37. f3 {[%clk 0:10:52]} g5 {[%clk 0:12:27]} 38. Kc2
{[%clk 0:09:16]} gxh4 {[%clk 0:11:52]} 39. gxh4 {[%clk 0:09:45]} Kd4
{[%clk 0:11:36]} 40. Kd2 {[%clk 0:10:06]} f5 {[%clk 0:11:43]} 41. a3
{[%clk 0:09:03]} e4 {[%clk 0:10:48]} 42. Ke2 {[%clk 0:07:37]} e3 {[%clk 0:10:30]}
0-1

[Event "Juniorklub 2017"]
[Site "?"]
[Date "2017.11.18"]
[Round "5.6"]
[White "Simonova, Stela"]
[Black "Janik, Miroslav"]
[Result "1/2-1/2"]
[BlackElo "1968"]
[WhiteElo "1643"]
[LiveChessVersion "1.4.8"]

1. d4 Nf6 {[%clk 1:00:46]} 2. Bf4 {[%clk 1:00:19]} e6 {[%clk 1:00:33]} 3. Nf3
{[%clk 0:59:05]} b6 {[%clk 1:00:55]} 4. e3 {[%clk 0:59:05]} Bb7 {[%clk 1:00:55]}
5. Bd3 {[%clk 0:59:05]} Be7 {[%clk 1:00:55]} 6. h3 {[%clk 0:59:05]} c5
{[%clk 1:00:55]} 7. c3 {[%clk 0:59:05]} O-O {[%clk 1:00:55]} 8. O-O
{[%clk 0:59:05]} d5 {[%clk 1:00:29]} 9. Nbd2 {[%clk 0:58:07]} Nc6
{[%clk 1:00:37]} 10. Re1 {[%clk 0:57:48]} cxd4 {[%clk 1:00:16]} 11. exd4
{[%clk 0:58:01]} h6 {[%clk 0:58:38]} 12. Qc2 {[%clk 0:56:07]} Rc8
{[%clk 0:58:26]} 13. a3 {[%clk 0:52:17]} Bd6 14. Bxd6 {[%clk 0:52:20]} Qxd6
{[%clk 0:56:38]} 15. Rad1 {[%clk 0:49:36]} Nh5 16. Nf1 {[%clk 0:42:40]} Nf4
{[%clk 0:55:47]} 17. Ng3 {[%clk 0:41:28]} f5 {[%clk 0:51:22]} 18. Qd2
{[%clk 0:38:42]} Rf6 {[%clk 0:46:06]} 19. Ne5 {[%clk 0:35:17]} g5 20. Bb5
{[%clk 0:25:04]} Nb8 {[%clk 0:37:16]} 21. Ne2 {[%clk 0:24:42]} Nxe2+
{[%clk 0:36:45]} 22. Qxe2 {[%clk 0:23:13]} Bc6 23. Bd3 {[%clk 0:19:52]} Be8
{[%clk 0:27:12]} 24. Rd2 Nd7 {[%clk 0:26:00]} 25. Nxd7 {[%clk 0:18:46]} Qxd7 26.
Qe5 {[%clk 0:17:34]} Qd8 {[%clk 0:23:28]} 27. Be2 Bg6 {[%clk 0:21:08]} 28. Bf3
{[%clk 0:14:18]} h5 {[%clk 0:19:51]} 29. g3 {[%clk 0:11:33]} Rc7 {[%clk 0:19:51]}
30. Bg2 {[%clk 0:11:22]} b5 {[%clk 0:17:33]} 31. Qe2 {[%clk 0:10:58]} Rb7
{[%clk 0:16:08]} 32. Qd1 {[%clk 0:09:49]} Kh8 {[%clk 0:11:17]} 33. Rde2
{[%clk 0:08:58]} Rb6 {[%clk 0:11:14]} 34. Re5 {[%clk 0:08:45]} a5
{[%clk 0:10:51]} 35. Qd2 {[%clk 0:08:19]} g4 {[%clk 0:08:22]} 36. h4
{[%clk 0:08:25]} f4 {[%clk 0:08:03]} 37. gxf4 {[%clk 0:07:27]} Qf8
{[%clk 0:08:00]} 38. Rg5 {[%clk 0:06:16]} Kh7 {[%clk 0:07:52]} 39. Rge5
{[%clk 0:05:57]} Rd6 {[%clk 0:07:44]} 40. Qe2 {[%clk 0:05:56]} Rxf4
{[%clk 0:06:36]} 41. Rxe6 {[%clk 0:05:04]} Rxe6 {[%clk 0:06:49]} 42. Qxe6
{[%clk 0:05:32]} Rxf2 {[%clk 0:06:49]} 43. Qe7+ {[%clk 0:04:44]} Qf7
{[%clk 0:06:08]} 44. Qxf7+ {[%clk 0:04:55]} Rxf7 {[%clk 0:06:01]} 45. Bxd5
{[%clk 0:05:18]} Rf4 {[%clk 0:05:40]} 46. Rf1 {[%clk 0:04:47]} Rxf1+
{[%clk 0:05:54]} 47. Kxf1 {[%clk 0:05:14]} Bd3+ {[%clk 0:06:16]} 48. Kf2
{[%clk 0:05:28]} a4 {[%clk 0:06:34]} 49. Bf7 {[%clk 0:05:17]} Bg6
{[%clk 0:05:34]} 1/2-1/2